000 00539 a2200205 4500
005 20260417121726.0
008 260417b |||||||| |||| 00| 0 eng d
020 _a9789392262746
_cRs. 1850.00
040 _aMAIN
082 _a158.1
_bB328S
100 _aBawa, Divya
245 _aSkill based self-development and self-regulations
260 _bBook Enclave
_c2023
_aJaipur
300 _avi, 251
650 _aPsychology
650 _aSelf- Development
650 _aSelf- Regulations
700 _aSuthar, Nidhi
942 _cBK
999 _c396909
_d396909